भूल कशी पडली (Record no. 405204)

MARC details
000 -LEADER
fixed length control field 00411nam a2200145Ia 4500
008 - FIXED-LENGTH DATA ELEMENTS--GENERAL INFORMATION
fixed length control field 100122s9999 xx 000 0 und d
082 ## - DEWEY DECIMAL CLASSIFICATION NUMBER
Item number 14834
Classification number 823
100 ## - MAIN ENTRY--PERSONAL NAME
Personal name काकोडकर चंद्रकांत
245 ## - TITLE STATEMENT
Title भूल कशी पडली
260 ## - PUBLICATION, DISTRIBUTION, ETC. (IMPRINT)
Date of publication, distribution, etc 1968
300 ## - PHYSICAL DESCRIPTION
Extent 99
630 ## - SUBJECT ADDED ENTRY--UNIFORM TITLE
Uniform title भूल कशी पडली
730 ## - ADDED ENTRY--UNIFORM TITLE
Uniform title भूल कशी पडली
942 ## - ADDED ENTRY ELEMENTS (KOHA)
Koha item type Book

No items available.